Transformational grammar a first Course

Gespeichert in:
Bibliographische Detailangaben
1. Verfasser: RADFORD, Andrew
Format: Buch
Sprache:Englisch
Veröffentlicht: Cambridge University Press 1948
Tags: Tag hinzufügen
Keine Tags, Fügen Sie den ersten Tag hinzu!

MARC

LEADER 00000nam a22000007a 4500
008 210121b ||||| |||| 00| 0 eng d
100 |a RADFORD, Andrew 
245 |a Transformational grammar  |b a first Course  |c Andrew Radford 
260 |b Cambridge University Press  |c 1948  |h England  |i  271608  |i 273638   |l P185 .R11  
942 |a lcc  |c BK  |e Adeyeye Y. S.  |f 21/01/21 
952 |0 0  |1 0  |2 lcc  |4 0  |6 P0185 R11  |7 0  |9 1383  |a HOL  |b HOL  |c LP  |d 2021-01-21  |l 0  |o P185 .R11   |p 2021-0187  |r 2021-01-21 00:00:00  |w 2021-01-21  |y BK 
952 |0 0  |1 0  |2 lcc  |4 0  |6 P0185 R11  |7 0  |9 1384  |a HOL  |b HOL  |c LP  |d 2021-01-21  |l 0  |o P185 .R11   |p 2021-0188  |r 2021-01-21 00:00:00  |w 2021-01-21  |y BK 
999 |c 722  |d 722